[Event "National Open 2013"]
[Site "Las Vegas USA"]
[Date "2013.06.09"]
[Round "5"]
[White "Ehlvest,J"]
[Black "Finegold,B"]
[Result "1-0"]
[WhiteElo "2621"]
[BlackElo "2507"]

1.c4 c6 2.Nf3 d5 3.e3 Nf6 4.Nc3 g6 5.d4 Bg7 6.Bd3 O-O 7.O-O Bg4 8.h3 Bxf3
9.Qxf3 e6 10.Rd1 Nbd7 11.Bd2 a5 12.Be1 Qb8 13.Rac1 Ne8 14.Qe2 Nd6 15.b3 Re8
16.Qc2 Rc8 17.a4 Re8 18.Ne2 Qa7 19.Nf4 dxc4 20.Bxc4 Nxc4 21.bxc4 e5 22.dxe5 Nxe5
23.Bc3 Rad8 24.Bd4 Qa6 25.c5 Rd7 26.Ne2 Rde7 27.Ng3 Nd7 28.Bxg7 Kxg7 29.Rd4 Nf6
30.e4 h5 31.h4 Ng4 32.Qd2 Qa8 33.Rd6 Kh7 34.Rd1 Qc8 35.f3 Nh6 36.Nxh5 Ng8
37.Ng3 Re5 38.h5 gxh5 39.Qf4 Kg7 40.Nf5+  1-0

[Event "Mitropa Cup 2013"]
[Site "Meissen GER"]
[Date "2013.06.09"]
[Round "9.4"]
[White "Ekstroem,R"]
[Black "Bluebaum,M"]
[Result "1/2-1/2"]
[WhiteElo "2420"]
[BlackElo "2521"]

1.c4 c6 2.d4 d5 3.e3 Bf5 4.cxd5 cxd5 5.Qb3 Qc7 6.Bb5+ Nd7 7.Nc3 e6 8.Bd2 Ne7
9.Nf3 Nc6 10.O-O a6 11.Be2 Be7 12.Rfc1 O-O 13.Na4 Rac8 14.Bd3 Bxd3 15.Qxd3 Rfd8
16.h3 Qb8 17.Qe2 e5 18.dxe5 b5 19.Nc3 Ndxe5 20.Re1 Nxf3+ 21.Qxf3 Ne5 22.Qe2 Nc4
23.Nd1 Nxd2 24.Qxd2 Qe5 25.Nc3 Bb4 26.Rac1 d4 27.exd4 Rxd4 28.Rxe5 Rxd2 29.Re2 Rcd8
30.Rc2 Bxc3 31.bxc3 Rxe2 32.Rxe2 Kf8 33.a4 bxa4 34.Ra2 a5 35.Kf1 Ke7 36.Rxa4 Ra8
37.Ke2 Kd6 38.Kd3 Kc5 39.Rc4+ Kd6 40.Ra4 Kc5 41.Rc4+ Kd6 42.Ra4 Kc5  1/2-1/2

[Event "27th Pula Open 2013"]
[Site "Pula CRO"]
[Date "2013.06.09"]
[Round "2.6"]
[White "Sulava,N"]
[Black "Kolesar,Mil"]
[Result "1-0"]
[WhiteElo "2484"]
[BlackElo "2138"]

1.c4 c6 2.e4 d5 3.exd5 cxd5 4.cxd5 Nf6 5.Nc3 g6 6.Bc4 Bg7 7.Nf3 O-O 8.O-O b6
9.Qb3 Bb7 10.d4 Ne8 11.Bf4 Nd6 12.Bxd6 Qxd6 13.Rfe1 Nd7 14.Nb5 Qf6 15.Ne5 Nxe5
16.dxe5 Qg5 17.Qe3 Qxe3 18.Rxe3 Rfc8 19.Bb3 Rc5 20.Nc3 Rac8 21.a4 Bh6 22.Rd3 Kf8
23.Rad1 Bg7 24.f4 Rd8 25.Kf2 g5 26.g3 gxf4 27.gxf4 Bh6 28.Rd4 Bc8 29.Bc2 Kg7
30.f5 f6 31.e6 Bb7 32.Bb3 Kh8 33.Ne4 Ra5 34.Ng3 Bf8 35.Re1 Bxd5 36.Red1 Bxb3
37.Rxd8 Bxd1 38.Rxf8+ Kg7 39.Rf7+ Kg8 40.Rxe7 Bxa4 41.Ke3 Bc2 42.Nh5 Re5+
43.Kd2  1-0

[Event "FIDE World Blitz 2013"]
[Site "Khanty-Mansiysk RUS"]
[Date "2013.06.10"]
[Round "22.12"]
[White "Zvjaginsev,V"]
[Black "Kamsky,G"]
[Result "1/2-1/2"]
[WhiteElo "2659"]
[BlackElo "2741"]

1.c4 c6 2.e4 d6 3.d4 e5 4.Nc3 g6 5.f4 exf4 6.Bxf4 Bh6 7.Qd2 Bxf4 8.Qxf4 Qf6
9.Qe3 Ne7 10.Bd3 Nd7 11.O-O-O c5 12.e5 dxe5 13.Ne4 Qa6 14.dxe5 Nf5 15.Nd6+ Qxd6
16.Bxf5 Qe7 17.Bxd7+ Bxd7 18.Nf3 Bc6 19.Rd6 O-O 20.Re1 Rae8 21.Qxc5 Bxf3
22.gxf3 Qh4 23.Qe3 Qxc4+ 24.Kb1 Rc8 25.Rdd1 Qc2+ 26.Ka1 Rc6 27.h4 Qf5 28.h5 gxh5
29.Rh1 Re8 30.f4 Rec8 31.a3 a5 32.Qf3 h4 33.Qf2 h3 34.Qh4 a4 35.Ka2 Qe6+
36.Ka1 Qf5 37.Ka2 Kg7 38.Rxh3 Qe6+ 39.Kb1 Qf5+ 40.Ka2 Qe6+ 41.Kb1 Qf5+ 42.Ka2  1/2-1/2

[Event "FIDE World Blitz 2013"]
[Site "Khanty-Mansiysk RUS"]
[Date "2013.06.10"]
[Round "23.2"]
[White "Ponomariov,R"]
[Black "Nguyen Ngoc Truong Son"]
[Result "1/2-1/2"]
[WhiteElo "2743"]
[BlackElo "2625"]

1.c4 c6 2.Nf3 d5 3.g3 Nf6 4.Bg2 g6 5.b3 Bg7 6.Bb2 O-O 7.O-O a5 8.d3 a4 9.Nbd2 axb3
10.axb3 Na6 11.Bc3 Bg4 12.b4 Bxf3 13.Nxf3 dxc4 14.dxc4 Qxd1 15.Rfxd1 Ne4
16.Bxg7 Kxg7 17.Nd4 Nc3 18.Rdc1 e5 19.Rxc3 exd4 20.Rb3 Nc7 21.Rd1 Ne6 22.b5 Ra4
23.bxc6 bxc6 24.Bxc6 Rxc4 25.Bd5 Rc2 26.Kf1 Re8 27.Rbd3 Nc7 28.Bf3 Ne6 29.R3d2 Rxd2
30.Rxd2 Rd8 31.Bc6 f5 32.Bb5 Kf6 33.Bc4 Nc5 34.Kg2 Ne4 35.Rb2 Rd7 36.Rb6+ Kg7
37.Bd3 Nc5 38.Bb5 Rb7 39.Rxb7+ Nxb7 40.h4 Kf6 41.Kf3 Ke5  1/2-1/2

[Event "FIDE World Blitz 2013"]
[Site "Khanty-Mansiysk RUS"]
[Date "2013.06.10"]
[Round "29.1"]
[White "Movsesian,S"]
[Black "Le Quang Liem"]
[Result "1/2-1/2"]
[WhiteElo "2699"]
[BlackElo "2712"]

1.c4 c6 2.Nf3 d5 3.e3 Nf6 4.Nc3 g6 5.d4 Bg7 6.h3 O-O 7.Be2 e6 8.O-O b6 9.b3 Bb7
10.Bb2 Nbd7 11.Qc2 Rc8 12.Rfd1 Qc7 13.Rac1 Qb8 14.Qb1 Rfd8 15.a3 c5 16.cxd5 Nxd5
17.Nxd5 Bxd5 18.dxc5 Bxb2 19.Qxb2 Nxc5 20.b4 Ne4 21.Nd4 Qe5 22.Rxc8 Rxc8
23.Rc1 Rc7 24.Bf3 Rxc1+ 25.Qxc1 Nf6 26.Be2 Qb8 27.Nb5 Ne8 28.Qc3 e5 29.Qd2 Bc6
30.Nc3 Qd6 31.Qxd6 Nxd6 32.Kf1 f5 33.f4 exf4 34.exf4 Kf7 35.Kf2 Ke6 36.g3 h6
37.Ke3 Ne4 38.Nxe4 Bxe4 39.Kd4 Kf6 40.h4 g5 41.hxg5+ hxg5 42.fxg5+ Kxg5 43.Ke5 Bg2
44.Bd3 Bh3 45.b5 Bg4 46.Kd6 Bf3 47.Ke5 Bg4 48.Bf1 Bf3 49.Bh3 Bg4 50.Bf1 Bf3
51.Bd3 Bg4  1/2-1/2

[Event "17th Petr Izmailov"]
[Site "Tomsk RUS"]
[Date "2013.06.12"]
[Round "2.17"]
[White "Kovalev,Vit"]
[Black "Akhmetov,Ay"]
[Result "0-1"]
[WhiteElo "2103"]
[BlackElo "2318"]

1.c4 c6 2.Nc3 Nf6 3.e4 d6 4.d4 Nbd7 5.g3 e5 6.Nge2 Qc7 7.Bg2 a6 8.Qc2 g6
9.dxe5 dxe5 10.b3 Be7 11.O-O O-O 12.h3 Nc5 13.f4 b5 14.cxb5 axb5 15.Be3 b4
16.Nd1 Ba6 17.Bxc5 Bxc5+ 18.Qxc5 Bxe2 19.Rf2 Bd3 20.Qe3 Rfd8 21.Nb2 Bb5 22.Qc5 Nh5
23.Qxb4 Nxg3 24.f5 Ne2+ 25.Kh1 Qa7 26.Qe1 Rd2 27.Nc4 Bxc4 28.bxc4 Ng3+ 29.Kg1 Rc2
30.fxg6 fxg6 31.Bf3 Nh1 32.Bxh1 Rf8  0-1

[Event "2nd Grand Europe Open 2013"]
[Site "Golden Sands BUL"]
[Date "2013.06.14"]
[Round "5.55"]
[White "Ilic,SloS2"]
[Black "Dimitrov,At"]
[Result "0-1"]
[WhiteElo "2135"]
[BlackElo "2349"]

1.c4 c6 2.Nf3 Nf6 3.g3 d5 4.b3 Bg4 5.Bg2 Nbd7 6.Ba3 Bxf3 7.Bxf3 Ne5 8.d4 Nxf3+
9.exf3 Qd7 10.O-O O-O-O 11.Nc3 h5 12.Rc1 h4 13.g4 h3 14.Qe2 e6 15.Bxf8 Rhxf8
16.c5 Qc7 17.b4 Rfe8 18.b5 e5 19.b6 axb6 20.cxb6 Qxb6 21.dxe5 d4 22.Na4 Qc7
23.f4 Nd5 24.Qe4 g5 25.Qf5+ Kb8 26.Qxg5 f6 27.Rfe1 fxg5  0-1

[Event "27th Pula Open 2013"]
[Site "Pula CRO"]
[Date "2013.06.14"]
[Round "8.17"]
[White "Jovanic,O"]
[Black "Kersic,M"]
[Result "1-0"]
[WhiteElo "2532"]
[BlackElo "2189"]

1.c4 c6 2.e4 d6 3.d4 Nd7 4.Nc3 e5 5.Nf3 Be7 6.Be2 Qc7 7.O-O Ngf6 8.b4 O-O
9.Rb1 a6 10.Be3 Re8 11.Qc2 b6 12.Rfd1 Rb8 13.h3 Bb7 14.d5 cxd5 15.Nxd5 Nxd5
16.exd5 a5 17.a3 g6 18.Qb3 axb4 19.axb4 Rec8 20.Rbc1 Bf8 21.Kh1 Ra8 22.c5 dxc5
23.d6 Qd8 24.Ng5 Qf6 25.Bc4 cxb4 26.Bxf7+ Kg7 27.Bc4 Ra3 28.Qxb4 Rxe3 29.Ne6+ Kh8
30.fxe3 Qh4 31.Qd2 Rxc4 32.Rxc4 Qxc4 33.Nxf8 Nxf8 34.d7 Nxd7 35.Qxd7 Bxg2+
36.Kg1 Bc6 37.Qe7  1-0

[Event "27th Pula Open 2013"]
[Site "Pula CRO"]
[Date "2013.06.14"]
[Round "8.14"]
[White "Fucak,E"]
[Black "Blazeka,M"]
[Result "1/2-1/2"]
[WhiteElo "2205"]
[BlackElo "2300"]

1.c4 c6 2.g3 Nf6 3.Bg2 d5 4.Nf3 Bf5 5.cxd5 cxd5 6.Qb3 Bc8 7.d3 Nc6 8.O-O e6
9.Nc3 Be7 10.Bf4 O-O 11.Rac1 Nd7 12.d4 Nf6 13.Rfd1 Nh5 14.Be3 Na5 15.Qc2 Nc4
16.Bd2 Bd7 17.Ne5 Nxd2 18.Qxd2 Nf6 19.e4 Bb4 20.Nxd7  1/2-1/2

[Event "17th Petr Izmailov"]
[Site "Tomsk RUS"]
[Date "2013.06.14"]
[Round "4.3"]
[White "Jumabayev,R"]
[Black "Akhmetov,Ay"]
[Result "1-0"]
[WhiteElo "2548"]
[BlackElo "2318"]

1.c4 c6 2.Nf3 Nf6 3.Nc3 d5 4.e3 g6 5.d4 Bg7 6.Bd3 O-O 7.O-O Bg4 8.h3 Bxf3
9.Qxf3 Qd6 10.Rd1 Nbd7 11.Bf1 Rfd8 12.Bd2 dxc4 13.Bxc4 e5 14.Bb3 exd4 15.exd4 Qxd4
16.Bf4 Qb6 17.Rd6 Qa5 18.Rad1 Nf8 19.Bxf7+ Kxf7 20.b4 Qb6 21.Be5 Rxd6 22.Rxd6 Qxb4
23.Bxf6 Bxf6 24.Ne4 Re8 25.Rxf6+ Kg8 26.Rf4 Qe1+ 27.Kh2 Nd7 28.Qb3+ Kh8 29.Qb2+ Kg8
30.Qb3+ Kh8 31.Ng5 Qe7 32.Re4 Qf8 33.Qc3+ Kg8 34.Qc4+ Kg7 35.Qd4+ Kh6 36.Ne6 Rxe6
37.Rxe6 Qd8 38.Rd6 Qc7 39.Qf4+ Kg7 40.Rxg6+  1-0

[Event "2nd Grand Europe Open 2013"]
[Site "Golden Sands BUL"]
[Date "2013.06.16"]
[Round "7.42"]
[White "Gorbatov,A"]
[Black "Ionescu,I"]
[Result "1-0"]
[WhiteElo "2350"]
[BlackElo "2222"]

1.c4 c6 2.Qa4 e5 3.Nc3 Nf6 4.Nf3 d6 5.d4 Nbd7 6.Bg5 Qb6 7.O-O-O e4 8.Nd2 d5
9.cxd5 Nxd5 10.Ncxe4 h6 11.Be3 f5 12.Nc3 N7f6 13.Nxd5 Nxd5 14.g3 Be6 15.Bg2 Be7
16.Bxd5 Bxd5 17.f3 O-O 18.Bf4 Rad8 19.Kb1 Bf6 20.Nc4 Qb5 21.Qxb5 cxb5 22.Nd6 g5
23.Be5 a6 24.Nxf5 Bc4 25.Nxh6+ Kh7 26.Bxf6 Rxf6 27.Ng4 Re6 28.Ne5 Bxe2 29.Rde1 Rxe5
30.dxe5 Bxf3 31.Rhf1 g4 32.e6 Kg7 33.e7 Re8 34.Re3 Bc6 35.Rf4 Bd7 36.Re5 Kg8
37.Rd4  1-0

[Event "8th Teplice Open 2013"]
[Site "Teplice CZE"]
[Date "2013.06.18"]
[Round "4.4"]
[White "Teske,H"]
[Black "Simacek,P"]
[Result "1-0"]
[WhiteElo "2514"]
[BlackElo "2467"]

1.c4 c6 2.e4 d5 3.exd5 cxd5 4.cxd5 Nf6 5.Nc3 Nbd7 6.Nf3 g6 7.d4 Bg7 8.d6 exd6
9.Qe2+ Qe7 10.Bf4 Qxe2+ 11.Bxe2 Ke7 12.Nb5 Ne8 13.Rc1 Ndf6 14.O-O Be6 15.Rfe1 Kd7
16.Ng5 Nd5 17.Bg3 Bh6 18.h4 a6 19.Nc3 Nxc3 20.Rxc3 f6 21.Nxe6 Bd2 22.Rb1 Bxc3
23.bxc3 Kxe6 24.Bc4+ Kd7 25.Rxb7+ Kc6 26.Rf7 Kb6 27.Re7 Ra7 28.Re3 Rd7 29.Bb3 Ka5
30.Re6 f5 31.c4 Kb4 32.c5 dxc5 33.Rb6+ Kc3 34.Be5 Ng7 35.dxc5+ Kd3 36.c6 Re7
37.Bf6 Rc7 38.Rb7 Rxc6 39.Rd7+ Ke2 40.Re7+ Kd2 41.Bxg7  1-0

[Event "8th Teplice Open 2013"]
[Site "Teplice CZE"]
[Date "2013.06.18"]
[Round "4.35"]
[White "Ptacnikova,L"]
[Black "Grussova,H"]
[Result "1-0"]
[WhiteElo "2255"]
[BlackElo "1997"]

1.c4 c6 2.e4 e5 3.Nf3 d6 4.d4 exd4 5.Nxd4 g6 6.Nc3 Bg7 7.Be2 Ne7 8.O-O O-O
9.Be3 Na6 10.Qd2 Qc7 11.Rac1 Nc5 12.Rfe1 Rd8 13.Bg5 Ne6 14.Nd5 cxd5 15.cxd5 Nc5
16.b4 f6 17.Bf4 g5 18.Be3 b6 19.bxc5 bxc5 20.f4 h6 21.f5 a6 22.Bh5 Bd7 23.h4 Qa7
24.Ne6 Bxe6 25.fxe6 Rf8 26.e5 fxe5 27.Bf7+ Kh8 28.hxg5 hxg5 29.Bxg5 Rxf7
30.exf7 Ng6 31.Rf1 Rf8 32.Qe2 Nf4 33.Rxf4  1-0

[Event "8th Teplice Open 2013"]
[Site "Teplice CZE"]
[Date "2013.06.18"]
[Round "4.40"]
[White "Janda,Z"]
[Black "Majerik,V"]
[Result "1/2-1/2"]
[WhiteElo "2145"]
[BlackElo "1887"]

1.c4 c6 2.b3 d5 3.cxd5 cxd5 4.Bb2 Nf6 5.Nf3 Nc6 6.g3 Bf5 7.Bg2 e6 8.O-O Be7
9.d4 h6 10.Nc3 O-O 11.Ne5 Nxe5 12.dxe5 Nd7 13.e4 dxe4 14.Nxe4 Bxe4 15.Bxe4 Nc5
16.Qf3 Nxe4 17.Qxe4 Qb6 18.Bd4 Qa6 19.Rac1 Rac8 20.Rc2 Ba3 21.Be3 b6 22.Rd1 Rxc2
23.Qxc2 Rc8 24.Qd2 Qb7 25.Qd7 Rc7 26.Qd8+ Kh7 27.h4 Rc8 28.Qd7 Rc7 29.Qd3+ Kg8
30.h5 Be7  1/2-1/2

[Event "6th Karen Asrian Mem"]
[Site "Jermuk ARM"]
[Date "2013.06.19"]
[Round "4.6"]
[White "Mkrtchian,L"]
[Black "Postny,E"]
[Result "1/2-1/2"]
[WhiteElo "2466"]
[BlackElo "2645"]

1.c4 c6 2.Nf3 d5 3.e3 Bg4 4.Qb3 Qc7 5.Ne5 Be6 6.d4 Nd7 7.Nxd7 dxc4 8.Bxc4 Bxc4
9.Qxc4 Qxd7 10.O-O Nf6 11.Nc3 e6 12.e4 Be7 13.Bf4 O-O 14.Rfd1 Rfd8 15.Rac1 Rac8
16.Qb3 h6 17.h3 b5 18.Qc2 Qb7 19.Be3 c5 20.dxc5 Rxd1+ 21.Nxd1 Qxe4 22.Qxe4 Nxe4
23.Nc3 Nxc3 24.Rxc3 a5 25.Ra3 a4 26.b3 Bxc5 27.Bxc5 Rxc5 28.bxa4 bxa4 29.Rxa4 Rc2
30.g3 g5 31.h4 Kg7 32.hxg5 hxg5 33.Ra7 g4 34.Ra4 f5 35.Ra5 Kf6 36.Ra6 Ke5
37.Kg2 Rc1 38.Ra5+ Kd4 39.Ra4+ Kd3 40.Ra6 e5 41.Ra5 Kd4 42.Ra4+ Kd5 43.Ra5+ Ke4
44.Ra4+ Kd5  1/2-1/2

[Event "8th Teplice Open 2013"]
[Site "Teplice CZE"]
[Date "2013.06.19"]
[Round "5.12"]
[White "Baumegger,S"]
[Black "Dolezal,Ra1"]
[Result "1/2-1/2"]
[WhiteElo "2474"]
[BlackElo "2375"]

1.c4 c6 2.e4 e6 3.d4 d5 4.exd5 exd5 5.Nc3 Nf6 6.Nf3 Be7 7.cxd5 Nxd5 8.Bc4 Be6
9.Bb3 O-O 10.O-O Nd7 11.Re1 Re8 12.Nxd5 cxd5 13.Bf4 Nb6 14.Ne5 Nc4 15.Qe2 Bb4
16.Red1 Bd6 17.Bg3 Rc8 18.Bc2 f6 19.Qh5 h6 20.Nxc4 Bxg3 21.hxg3 Rxc4 22.Bb3 Bf7
23.Qf5 Rc7 24.Re1 Rxe1+ 25.Rxe1 g6 26.Qf4 Kg7 27.Kh2 Rc8 28.f3 b6 29.Kg1 Qc7
30.Kf2 Qxf4 31.gxf4 Kf8 32.g4 Rc7 33.g5 Kg7 34.Kg3 hxg5 35.fxg5 fxg5 36.Re5 Kf6
37.Bxd5 Bxd5 38.Rxd5 Rc2 39.Rd7 Rxb2 40.Rxa7 Rd2 41.Rb7 Rxa2 42.Rxb6+ Kf5
43.Rb5+ Kf6 44.Rc5 Rd2 45.Rd5 Ra2 46.Rd6+ Kf5 47.Rd8 Rd2 48.Rd6 Ra2 49.Rb6 Rd2
50.Rb5+ Kf6 51.d5 Ke5 52.d6+ Kf6 53.Rb6 Ke5  1/2-1/2

[Event "8th Teplice Open 2013"]
[Site "Teplice CZE"]
[Date "2013.06.19"]
[Round "5.23"]
[White "Jacobsen,Bo"]
[Black "Pedersen,HB"]
[Result "1/2-1/2"]
[WhiteElo "2312"]
[BlackElo "2111"]

1.c4 c6 2.g3 d5 3.Nf3 Bg4 4.Bg2 e6 5.O-O Nd7 6.cxd5 exd5 7.d3 Ngf6 8.Qc2 Bd6
9.Nbd2 O-O 10.b3 Re8 11.Re1 Ne5 12.Bb2 Nxf3+ 13.Nxf3 Bxf3 14.Bxf3 Be5 15.Rab1 Bxb2
16.Rxb2 Qd6 17.b4 h5 18.Rc1 h4 19.Qb3 Nd7 20.b5 Ne5 21.Bg2 Qf6 22.bxc6 bxc6
23.Rbc2 hxg3 24.hxg3 Ng4 25.e4 Rab8 26.Qc3 Qxc3 27.Rxc3 Rb2 28.exd5 cxd5
29.R3c2 Rxc2 30.Rxc2 Re1+ 31.Bf1 Ra1 32.Kg2 a5 33.Be2 Nf6 34.Kf3 Kf8 35.Ke3 Ke7
36.Kd4 Kd6 37.Rb2 a4 38.Rd2 Rc1 39.Bd1 a3 40.Bb3 g5 41.Re2 Rf1 42.Rc2 g4
43.Ke3 Re1+ 44.Kf4 Nd7 45.Rd2 Ne5 46.Bd1 d4 47.Bxg4 Rb1 48.Re2 Nxg4 49.Kxg4 Rd1
50.Kf4 Rxd3 51.Ke4 Rd1 52.Rc2 f5+ 53.Kxf5 Kd5 54.f4 Rb1 55.g4 Rb2 56.Rc8 Rxa2
57.Ra8 Kc4 58.g5 Kb3 59.Ke4 Rd2 60.g6 a2 61.f5 Rg2 62.Rxa2 Rxa2 63.Kxd4 Rg2
64.Ke5 Kc4 65.f6 Rg5+ 66.Ke6  1/2-1/2

[Event "7th Varna Open 2013"]
[Site "Varna BUL"]
[Date "2013.06.19"]
[Round "1.19"]
[White "Petkova,Nadezhda"]
[Black "Molina,Rob"]
[Result "0-1"]
[WhiteElo "1606"]
[BlackElo "2423"]

1.c4 c6 2.g3 d5 3.b3 dxc4 4.bxc4 Qd4 5.Nc3 Qxc4 6.e4 Qd4 7.Nf3 Qd8 8.Bb2 Nf6
9.Bg2 e6 10.a3 Be7 11.O-O O-O 12.d3 c5 13.Ne5 b6 14.Nc4 Bb7 15.e5 Nd5 16.Nb5 Bc6
17.a4 Nb4 18.Nbd6 Bxg2 19.Kxg2 N8c6 20.d4 cxd4 21.Bxd4 Nxd4 22.Qxd4 Nc2 23.Qd3 Nxa1
24.Rxa1 a6 25.Qf3 Rb8 26.Rd1 Qc7 27.Rb1 b5 28.axb5 axb5  0-1

[Event "8th Teplice Open 2013"]
[Site "Teplice CZE"]
[Date "2013.06.20"]
[Round "6.2"]
[White "Plischki,S"]
[Black "Rausis,I"]
[Result "1-0"]
[WhiteElo "2386"]
[BlackElo "2532"]

1.c4 c6 2.Nf3 d5 3.g3 Nf6 4.Bg2 dxc4 5.O-O Nbd7 6.Qc2 Nb6 7.Na3 Be6 8.b3 cxb3
9.axb3 Bd5 10.Nc4 e6 11.d3 Bxf3 12.Bxf3 Nbd5 13.Bd2 Be7 14.Qb2 O-O 15.b4 Nd7
16.Rfd1 Bf6 17.d4 Qc7 18.Rac1 a6 19.e4 N5b6 20.Na5 Rfe8 21.Be3 Rac8 22.Bg2 Qb8
23.Qb3 Rcd8 24.h4 Nc8 25.Bh3 Na7 26.d5 exd5 27.exd5 cxd5 28.Rxd5 Ne5 29.Bg2 Nac6
30.Nxc6 bxc6 31.Rxd8 Rxd8 32.Bf4 a5 33.Bxc6 Qxb4 34.Bd5 Qxb3 35.Bxb3 Nd3
36.Rc7 Nxf4 37.Bxf7+ Kf8 38.gxf4 a4 39.Be6 Ra8 40.h5 a3 41.h6 Be7 42.Bd5 Re8
43.f5 gxh6 44.f6 Bd8 45.Rxh7 Re1+ 46.Kg2 Bxf6 47.Rf7+ Ke8 48.Rxf6 Rd1 49.Bf7+ Ke7
50.Rf3 Ra1 51.Bg8 Kd6 52.Rf6+  1-0

[Event "63rd ch-RUS HL w"]
[Site "Yekaterinburg RUS"]
[Date "2013.06.20"]
[Round "1.4"]
[White "Kovanova,B"]
[Black "Bivol,A"]
[Result "1-0"]
[WhiteElo "2371"]
[BlackElo "2207"]

1.c4 c6 2.e4 d5 3.exd5 cxd5 4.d4 Nf6 5.Nc3 Nc6 6.Nf3 e6 7.cxd5 exd5 8.Ne5 Bd6
9.Bb5 O-O 10.Bf4 Qc7 11.Bxc6 bxc6 12.O-O Rb8 13.b3 Ba6 14.Re1 Rbc8 15.Rc1 Qb7
16.Na4 Ne4 17.f3 Nf6 18.Ng6 Bxf4 19.Nxf4 Qc7 20.Qd2 Rce8 21.Nc5 Bc8 22.Nfd3 Rxe1+
23.Qxe1 Ne8 24.Na4 Bb7 25.Qc3 Nd6 26.Qc5 Qb8 27.Ne5 Rc8 28.Qb4 Nb5 29.Nc5 f6
30.Ned3 Qc7 31.Nxb7 Qxb7 32.a4 a5 33.Qc5 Na7 34.Qc3 Re8 35.Re1 Rxe1+ 36.Qxe1 h6
37.Nc5 Qb6 38.h4 Qb8 39.h5 Kh7 40.Qxa5 Nc8 41.Qd2 Nd6 42.a5 Nb5 43.Qe3 Qg3
44.Nd7 Qd6 45.Qe8 Nc7 46.Qd8 Ne6 47.Nxf6+  1-0

[Event "6th Karen Asrian Mem"]
[Site "Jermuk ARM"]
[Date "2013.06.21"]
[Round "6.5"]
[White "Arutinian,D"]
[Black "Aghasaryan,R"]
[Result "1/2-1/2"]
[WhiteElo "2543"]
[BlackElo "2470"]

1.c4 c6 2.e4 d5 3.exd5 cxd5 4.d4 Nf6 5.Nc3 e6 6.Nf3 Bb4 7.cxd5 Nxd5 8.Bd2 Nc6
9.Bd3 O-O 10.O-O Be7 11.Re1 Bf6 12.Nxd5 exd5 13.Ne5 Be6 14.Nxc6 bxc6 15.Bb4 Re8
16.Bc5 Qd7 17.Qa4 h5 18.b4 a6 19.Qc2 g6 20.Qd2 Qd8 21.a4 h4 22.Bf1 Bg5 23.Qb2 Qd7
24.b5  1/2-1/2

[Event "8th Teplice Open 2013"]
[Site "Teplice CZE"]
[Date "2013.06.22"]
[Round "8.62"]
[White "Zima,To2"]
[Black "Holy,Filip"]
[Result "1-0"]
[WhiteElo "1832"]
[BlackElo "1625"]

1.c4 c6 2.d4 d5 3.Nc3 Nf6 4.Nf3 a6 5.e3 b5 6.cxb5 cxb5 7.a3 Bf5 8.Be2 e6
9.Nh4 Bg6 10.Nxg6 hxg6 11.Bd2 Nbd7 12.Bf3 Be7 13.O-O Qc7 14.g3 Rc8 15.Rc1 Qb8
16.e4 dxe4 17.Nxe4 O-O 18.Qe2 Nd5 19.b4 N7f6 20.Nc5 Bxc5 21.dxc5 Rfd8 22.Rfd1 Rc6
23.Bg5 Rc7 24.Bxd5 Rxd5 25.Bxf6 Rxd1+ 26.Rxd1 gxf6 27.Qf3 Kg7 28.Rd6 Qc8
29.h4 a5 30.Qd3 axb4 31.axb4 Rb7 32.Rd8 Qc6 33.Qd6 Qxd6 34.Rxd6  1-0

[Event "TCh-SUI 2013"]
[Site "Switzerland SUI"]
[Date "2013.06.23"]
[Round "5.7"]
[White "Camponovo,D"]
[Black "Gruenenwald,J"]
[Result "0-1"]
[WhiteElo "1946"]
[BlackElo "2308"]

1.c4 c6 2.e4 e5 3.Nc3 d6 4.g3 g6 5.Bg2 Be6 6.d3 Bg7 7.Nge2 Ne7 8.O-O O-O
9.Be3 f5 10.f4 Nd7 11.Rc1 Nf6 12.Kh1 Qc7 13.Rc2 Rad8 14.b3 b6 15.d4 Nxe4
16.Nxe4 fxe4 17.Bxe4 Bg4 18.Bf3 Nf5 19.Bg1 Bxf3+ 20.Rxf3 c5 21.d5 e4 22.Rf1 h5
23.Rd2 Rde8 24.h3 Qe7 25.Qe1 e3 26.Rd1 Qe4+ 27.Kh2 Qc2 28.g4 hxg4 29.hxg4 Nd4  0-1

[Event "13th IPCA World Championship"]
[Site "Velke Losiny CZE"]
[Date "2013.06.23"]
[Round "7.20"]
[White "Haderka,K"]
[Black "Aristov,Pavel"]
[Result "1-0"]
[WhiteElo "1945"]
[BlackElo "1666"]

1.c4 c6 2.Nc3 d5 3.cxd5 cxd5 4.d4 Nc6 5.g3 Nf6 6.Bg2 Bf5 7.Nf3 Nb4 8.Qa4+ Nc6
9.Ne5 Qd6 10.O-O g6 11.Bf4 Qe6 12.Nb5 Qc8 13.Nxc6  1-0

[Event "13th IPCA World Championship"]
[Site "Velke Losiny CZE"]
[Date "2013.06.23"]
[Round "7.7"]
[White "Linqvist,G"]
[Black "Strekalovski,V"]
[Result "1/2-1/2"]
[WhiteElo "2008"]
[BlackElo "2106"]

1.c4 c6 2.d4 Qc7 3.Nf3 d6 4.g3 Bg4 5.Bg2 e5 6.Nc3 Nd7 7.h3 Bh5 8.O-O Be7
9.e4 h6 10.Be3 Ngf6 11.Qc2 g5 12.Ne1 O-O 13.Rc1 Rfe8 14.b4 a6 15.Qb3 Bg6
16.Nd3 Bf8 17.dxe5 Nxe5 18.Nxe5 Rxe5 19.f4 gxf4 20.Bxf4 Re6 21.c5 Rae8 22.Rce1 Nh5
23.Bxd6 Bxd6 24.cxd6 Qxd6 25.Ne2 Re5 26.Nf4 Qd4+ 27.Kh2 Nxf4 28.Rxf4 Rd8
29.Ref1 Qd3 30.Qb2 Rg5 31.R1f3 Qd4 32.Qb3 Rd7 33.h4 Rb5 34.a3 Qd1 35.Qc3 Qd4
36.Qb3 Re5 37.g4 h5 38.g5 Rxe4 39.Kg3 Qe5 40.Qc3  1/2-1/2

[Event "FISCA Open D 2013"]
[Site "Cap Aurora ROU"]
[Date "2013.06.24"]
[Round "3.9"]
[White "Berechet,O"]
[Black "Preda,Iulian"]
[Result "1-0"]
[WhiteElo "2185"]
[BlackElo "1868"]

1.c4 c6 2.e4 e5 3.Nf3 d6 4.d4 Qb6 5.Nc3 Bg4 6.Na4 Qc7 7.Be2 Nf6 8.h3 Bh5
9.Nc3 Be7 10.Be3 Nbd7 11.Qc2 Nf8 12.d5 c5 13.Nh4 Ng6 14.Nf5 Bxe2 15.Nxg7+ Kd8
16.Qxe2 Qa5 17.Qd2 Nh4 18.Bg5 Nxg2+ 19.Kf1 Rg8 20.Nf5 Qb4 21.Bxf6 Qxc4+ 22.Qe2 Qxe2+
23.Nxe2 Bxf6 24.Rg1 Kd7 25.Rxg2 b5 26.a4 b4 27.Ne3 Rg6 28.Ng3 Rag8 29.Ngf5 Bg5
30.h4 Bf4 31.h5 Rxg2 32.Nxg2 Bh2 33.h6 Rg5 34.Rd1 Rh5 35.Ke2 Rg5 36.Kf3 a6
37.Nge3 Bf4 38.Nc4 Rh5 39.Rg1 Rh3+ 40.Ke2 Bxh6 41.Rg8 Bc1 42.a5 Rb3 43.Kd1 Bxb2
44.Nb6+ Kc7 45.Kc2 Rf3 46.Rc8+  1-0

[Event "9th Prague Festival IM"]
[Site "Prague CZE"]
[Date "2013.06.24"]
[Round "2.3"]
[White "Piscopo,P"]
[Black "Cesal,J"]
[Result "1-0"]
[WhiteElo "2397"]
[BlackElo "2268"]

1.c4 c6 2.e4 e5 3.Nf3 d6 4.d4 Bg4 5.dxe5 Bxf3 6.Qxf3 dxe5 7.Nc3 Nd7 8.Be2 Qf6
9.Qh3 Bc5 10.O-O Ne7 11.Bd2 Nf8 12.b4 Bd4 13.Rad1 Ne6 14.Bg4 Rd8 15.Ne2 Ng6
16.Bxe6 Qxe6 17.Qxe6+ fxe6 18.h4 O-O 19.h5 Nh8 20.Nxd4 Rxd4 21.Be3 Rxc4 22.Rd7 Rf7
23.Rd8+ Rf8 24.Rfd1 Nf7 25.R8d7 b5 26.Rxa7 Rxb4 27.Bc5 Rd4 28.Bxd4 Rd8 29.Rc7 Rd6
30.f4 exd4 31.e5 Rd5 32.Rxc6 g5 33.hxg6 hxg6 34.Rxe6 Kg7 35.Ra6 d3 36.Kf2 g5
37.g3 Nh6 38.Rd6  1-0

[Event "7th Varna Open 2013"]
[Site "Varna BUL"]
[Date "2013.06.24"]
[Round "6.7"]
[White "Chatalbashev,B"]
[Black "Molina,Rob"]
[Result "0-1"]
[WhiteElo "2560"]
[BlackElo "2423"]

1.c4 c6 2.Nf3 d5 3.g3 Nf6 4.Bg2 dxc4 5.O-O b5 6.a4 Bb7 7.b3 cxb3 8.Qxb3 e6
9.axb5 cxb5 10.Qxb5+ Bc6 11.Qc4 Be7 12.Nc3 O-O 13.d4 a5 14.Bf4 Qb6 15.Rfb1 Qa6
16.Qxa6 Nxa6 17.Rxa5 Nb4 18.Rxa8 Rxa8 19.Bg5 h6 20.Bxf6 gxf6 21.Nd2 Rc8 22.Nde4 f5
23.Nc5 Bxg2 24.Rxb4 Bc6 25.f4 Be8 26.Rc4 Bf6 27.e3 Be7 28.Kf2 Ra8 29.Nd3 Bd6
30.h3 h5 31.Kf3 Kf8 32.Ne5 f6 33.Nd3 Ke7 34.d5 e5 35.e4 fxe4+ 36.Kxe4 Bg6+
37.f5 Be8 38.Nb4 Ra1 39.Nc6+ Kf7 40.Nb5 Re1+ 41.Kf3 Bf8 42.Nc7 Bd7 43.Nd8+ Ke7
44.Nde6 Bh6 45.Rh4 Bd2 46.Re4 Ra1 47.g4 Ba4 48.Ke2 Ba5 49.Rc4 Ra2+ 50.Kd3 Ra3+
51.Ke2 Ra2+ 52.Kd3 Bd1 53.Rc6 Ra3+ 54.Kc4 Be2+  0-1

[Event "13th IPCA World Championship"]
[Site "Velke Losiny CZE"]
[Date "2013.06.24"]
[Round "8.9"]
[White "Kocur,W"]
[Black "Tersinsev,Andrey"]
[Result "0-1"]
[WhiteElo "2082"]
[BlackElo "1939"]

1.c4 c6 2.d4 d5 3.Nc3 Nf6 4.Bf4 dxc4 5.Nf3 e6 6.e3 b5 7.Be2 Nd5 8.O-O Nxf4
9.exf4 Bb7 10.b3 cxb3 11.Qxb3 Be7 12.Ne4 Nd7 13.a4 a6 14.Rfe1 O-O 15.Bd3 Nb6
16.Nc5 Bxc5 17.dxc5 Nd5 18.Rad1 Qf6 19.Ng5 h6 20.Nh7 Qc3 21.Qxc3 Nxc3 22.Nxf8 Nxd1
23.Rxd1 Kxf8 24.Be4 Ke8 25.Kf1 Rd8 26.Rxd8+ Kxd8 27.axb5 axb5  0-1

[Event "21st Montcada Open"]
[Site "Montcada i Reixac ESP"]
[Date "2013.06.25"]
[Round "1.4"]
[White "Gomez Jurado,L"]
[Black "Burmakin,V"]
[Result "0-1"]
[WhiteElo "2273"]
[BlackElo "2575"]

1.c4 c6 2.g3 d5 3.Nf3 Nf6 4.Bg2 Bf5 5.O-O e6 6.cxd5 exd5 7.Qb3 Qb6 8.d3 Qxb3
9.axb3 Nbd7 10.Nc3 Bc5 11.e4 dxe4 12.dxe4 Be6 13.e5 Nd5 14.Ne4 O-O 15.Nxc5 Nxc5
16.Nd4 Rfd8 17.Bd2 a6 18.Rfd1 Nc7 19.Nxe6 N7xe6 20.Ba5 Rxd1+ 21.Rxd1 Nxb3
22.Bb6 Nbc5 23.f4 Na4 24.Bf2 Rd8 25.Rxd8+ Nxd8 26.b3 Nc3 27.Bb6 Ne6 28.Kf2 g6
29.Ke3 h5 30.h3 Kg7 31.g4 hxg4 32.hxg4 f5 33.exf6+ Kxf6 34.Bd4+ Nxd4 35.Kxd4 Ne2+
36.Ke3 Nc1 37.g5+ Kg7 38.b4 Na2 39.Kd4 Nxb4 40.Kc5 Nd5 41.Bh3 a5 42.f5 a4
43.f6+ Kf8 44.Bf1 a3 45.Bc4 Nc3  0-1

[Event "7th Varna Open 2013"]
[Site "Varna BUL"]
[Date "2013.06.25"]
[Round "7.5"]
[White "Sagar,S"]
[Black "Shyam,SM"]
[Result "1/2-1/2"]
[WhiteElo "2359"]
[BlackElo "2502"]

1.c4 c6 2.Nf3 d5 3.e3 Nf6 4.Nc3 e6 5.b3 Bd6 6.Bb2 O-O 7.Qc2 Re8 8.Be2 e5
9.cxd5 cxd5 10.Nb5 Nc6 11.Nxd6 Qxd6 12.d4 Nb4 13.Qd2 Ne4 14.Qd1 Qg6 15.O-O exd4
16.Nxd4 Bh3 17.Bf3 Rac8 18.Ne2 Be6 19.Nf4 Qg5 20.a3 Nc6 21.Rc1  1/2-1/2